000 00548nam a2200181Ia 4500
003 GCL
008 140319s9999 xx 000 0 ara d
020 _a8043908977
040 _aGCL /
_cGCL
082 0 4 _a241
_bم ا
100 1 _aمحمد متولى الشعراوى
245 1 0 _aاسماء الله الحسنى /
_cمحمد متولى الشعراوى
260 _aالقاهرة :
_bدار اخبار اليوم ،
_c1993
300 _a2 مج ؛
_c19 سم
650 0 4 _aالله
650 0 4 _aالاسماء الحسنى
942 _2ddc
_cBK
999 _c403
_d403